Neurónové siete v dolovaní údajov

Konkrétne využitie neurónových sietí, ktoré sú veľmi populárne v mnohých aplikáciách data miningu. Aplikácia neurónových sietí na konkrétnom príklade týkajúceho sa geomagnetického poľa Zeme, resp. jeho porúch.

Na minha lista:
Detalhes bibliográficos
Autor principal: Vavrová, Marianna
Formato: Capítulo de Livro
Idioma:eslovaco
Assuntos:
Tags: Adicionar Tag
Sem tags, seja o primeiro a adicionar uma tag!

MARC

LEADER 00000naa$a2200000$$$4500
001 0053379
005 20221124113707.2
041 0 |a slo 
044 |a SK 
245 1 0 |a Neurónové siete v dolovaní údajov  |c Marianna Vavrová 
520 |a Konkrétne využitie neurónových sietí, ktoré sú veľmi populárne v mnohých aplikáciách data miningu. Aplikácia neurónových sietí na konkrétnom príklade týkajúceho sa geomagnetického poľa Zeme, resp. jeho porúch. 
610 2 0 |a dolovanie dát 
610 2 0 |a analýza sieťová 
610 2 0 |a modely nelineárne 
610 2 0 |a siete neurónové 
100 1 |a Vavrová, Marianna